قاضی موحمد عدیل عباسی / (Record no. 108295)

MARC details
000 -LEADER
fixed length control field 00891nam a22002537a 4500
005 - DATE AND TIME OF LATEST TRANSACTION
control field 20170123162338.0
010 ## - LIBRARY OF CONGRESS CONTROL NUMBER
LC control number A-853772
020 ## - INTERNATIONAL STANDARD BOOK NUMBER
Terms of availability 25.00
International Standard Book Number 8126002603
035 ## - SYSTEM CONTROL NUMBER
System control number A-853772
037 ## - SOURCE OF ACQUISITION
Source of stock number/acquisition Cen Lib/Ret
040 ## - CATALOGING SOURCE
Original cataloging agency DPL
Language of cataloging UR
082 ## - DEWEY DECIMAL CLASSIFICATION NUMBER
Classification number 840.92
Item number ع ب ا
100 ## - MAIN ENTRY--PERSONAL NAME
Personal name اختر بستوی
9 (RLIN) 125323
245 ## - TITLE STATEMENT
Title قاضی موحمد عدیل عباسی /
Statement of responsibility, etc اختر بستوی
246 ## - VARYING FORM OF TITLE
Title proper/short title Qazi Mohamad Adeel Abbbasi /
Remainder of title by AKhatar Bastavi
260 ## - PUBLICATION, DISTRIBUTION, ETC. (IMPRINT)
Date of publication, distribution, etc 1997
Name of publisher, distributor, etc ساہتیہ اکادمی
Place of publication, distribution, etc نیی دہلی
270 ## - ADDRESS
City نیی دہلی
Address رویندرا بھوں ٣٥ فیروز شاہ مارگ
Postal code 110001
300 ## - PHYSICAL DESCRIPTION
Extent 96p.
Dimensions 21cm(Hb)
650 ## - SUBJECT ADDED ENTRY--TOPICAL TERM
Topical term or geographic name as entry element ادب -- اردو
9 (RLIN) 125324
650 ## - SUBJECT ADDED ENTRY--TOPICAL TERM
Topical term or geographic name as entry element اردو سوانے عمری
9 (RLIN) 125325
650 ## - SUBJECT ADDED ENTRY--TOPICAL TERM
Topical term or geographic name as entry element Urdu literature
9 (RLIN) 125326
650 ## - SUBJECT ADDED ENTRY--TOPICAL TERM
Topical term or geographic name as entry element Urdu biography
9 (RLIN) 511
942 ## - ADDED ENTRY ELEMENTS (KOHA)
Source of classification or shelving scheme Dewey Decimal Classification
Koha item type Urdu Bks
Classification part 840.92
Call number suffix ع ب ا
Holdings
Withdrawn status Lost status Damaged status Not for loan Home library Current library Date acquired Source of acquisition Cost, normal purchase price Total Checkouts Full call number Barcode Date last seen Copy number Cost, replacement price Price effective from Koha item type
        Central Library Central Library 18/01/2016 Cen Lib/Ret 25.00   840.92 ع ب ا A-853772 18/01/2016 1 25.00 18/01/2016 Urdu Bks

© Delhi Public Library
Hit Counter
free hit counter